000 01068cam a22002651 4500
001 l 41000062
003 DLC
005 20260227111537.0
008 850129s1941 dcua f000 0 eng c
010 _al 41000062
035 _a(OCoLC)11632776
040 _aU.S. Dept. of Labor. Libr.
_cNAlA-M
_dOCoLC
_dDLC
050 0 0 _aRD726.U5
_bA45
082 _a362.780973
110 1 _aUnited States.
_bChildren's Bureau.
245 1 0 _aServices for crippled children under the Social security act, title V, part 2;
_bdevelopment of program, 1936-39 ...
260 _aWashington, D.C.
_b[U.S. Govt. Print. Off.,
_c1941]
300 _av, 95 p.
_bdiagrs.
_c23 cm.
490 1 _aIts Bureau publication
_vno. 258
500 _aAt head of title: United States Department of Labor, Frances Perkins, secretary. Children's Bureau, Katharine F. Lenroot, chief.
650 0 _aChildren with disabilities.
650 0 _aChild welfare
_zUnited States.
740 0 _aSocial security act, title V, part 2.
810 1 _aUnited States.
_bChildren's Bureau.
_tBureau publication
_vno. 258.
999 _c36365
_d36365